Stimulus for human and societal dynamics in the prevention of catastrophes (Record no. 218746)
[ view plain ]
| 000 -LEADER | |
|---|---|
| fixed length control field | 01688nam a2200349 a 4500 |
| 245 00 - TITLE STATEMENT | |
| Title | Stimulus for human and societal dynamics in the prevention of catastrophes |
| 260 ## - PUBLICATION, DISTRIBUTION, ETC. (IMPRINT) | |
| Place of publication | Amsterdam, The Netherlands : |
| Name of publisher | IOS Press, |
| Year of publication | 2011. |
| 300 ## - PHYSICAL DESCRIPTION | |
| Number of Pages | ix, 317 p. : |
| Other physical details | ill. (some col.), maps (some col.). |
| 490 1# - SERIES STATEMENT | |
| Series statement | NATO science for peace and security series. E, Human and societal dynamics, |
| 650 #0 - SUBJECT ADDED ENTRY--TOPICAL TERM | |
| Topical Term | Disasters |
| Topical Term | Disasters |
| 700 1# - ADDED ENTRY--PERSONAL NAME | |
| Personal name | Avagyan, Arman. |
| 856 40 - ELECTRONIC LOCATION AND ACCESS | |
| Uniform Resource Identifier | http://site.ebrary.com/lib/rucke/Doc?id=10506377 |
No items available.
